000 00496nam a2200181Ia 4500
008 180207s9999 xx 000 0 und d
020 _a9789670381220
050 _bR595 2013
100 _aRisco, Elle D.
245 _aMonsters University /
245 _cElle D. Risco ; illustrated by Maria Elena Naggi and the Disney Storybook Artists.
260 _aNew York :
260 _bScholastic,
260 _c2013
300 _aunpaged :
300 _bcolor illustration ;
300 _c21cm.
999 _c355399
_d355399